Electricity 3 : (Record no. 184230)
[ view plain ]
| 000 -LEADER | |
|---|---|
| fixed length control field | 01457 a2200241 4500 |
| 003 - CONTROL NUMBER IDENTIFIER | |
| control field | Nust |
| 005 - DATE AND TIME OF LATEST TRANSACTION | |
| control field | 20230712093601.0 |
| 010 ## - LIBRARY OF CONGRESS CONTROL NUMBER | |
| LC control number | 86002006 |
| 020 ## - INTERNATIONAL STANDARD BOOK NUMBER | |
| International Standard Book Number | 0827325347 (pbk.) |
| 040 ## - CATALOGING SOURCE | |
| Transcribing agency | Nust |
| 082 00 - DEWEY DECIMAL CLASSIFICATION NUMBER | |
| Classification number | 537,ALE |
| 100 1# - MAIN ENTRY--PERSONAL NAME | |
| Personal name | Alerich, Walter N. |
| 9 (RLIN) | 62349 |
| 245 10 - TITLE STATEMENT | |
| Title | Electricity 3 : |
| Remainder of title | motors, controls, alternators / |
| Statement of responsibility, etc. | Walter N. Alerich. |
| 250 ## - EDITION STATEMENT | |
| Edition statement | 4th ed. |
| 260 ## - PUBLICATION, DISTRIBUTION, ETC. | |
| Place of publication, distribution, etc. | Albany, N.Y. : |
| Name of publisher, distributor, etc. | Delmar Publishers, |
| Date of publication, distribution, etc. | c1986. |
| 300 ## - PHYSICAL DESCRIPTION | |
| Extent | ix, 240 p. : |
| Other physical details | ill. ; |
| Dimensions | 26 cm. |
| 505 ## - FORMATTED CONTENTS NOTE | |
| Formatted contents note | Operating Principles (Page-1), The separately Excited DC Generators (Page-7), The Self Exited shunt Generators (Page-11), The Dc Shunt Motor (Page-23), The DC Series motors (Page-35), DC Compound Motors (Page-39), Summary Review (Page-45), Manual starting reposts for DC motors (Page-46), Basic Principles of automatic Motors (Page-67), The DC Counter EMF Motor Controller (Page-75), The Three face way Connection (Page-115), The Three phase Delta Connection (Page-121), Basic Principles of transformers (Page-131), Single phase transformers (Page-141), Single phase Transformers (Page-165), Wye and Delta Connection of single Phase (Page-189), Instrumentation Transformers (Page-199), National Electrical Code requirements for transformers (Page-211). |
| 650 #0 - SUBJECT ADDED ENTRY--TOPICAL TERM | |
| Topical term or geographic name entry element | Electric controllers. |
| 9 (RLIN) | 41202 |
| 650 #0 - SUBJECT ADDED ENTRY--TOPICAL TERM | |
| Topical term or geographic name entry element | Electric generators |
| General subdivision | Alternating current. |
| 9 (RLIN) | 113550 |
| 650 #0 - SUBJECT ADDED ENTRY--TOPICAL TERM | |
| Topical term or geographic name entry element | Electric motors, Alternating current. |
| 740 0# - ADDED ENTRY--UNCONTROLLED RELATED/ANALYTICAL TITLE | |
| Uncontrolled related/analytical title | Electricity 3 |
| 942 ## - ADDED ENTRY ELEMENTS (KOHA) | |
| Source of classification or shelving scheme | |
| Koha item type | Book Bank |
| Withdrawn status | Lost status | Source of classification or shelving scheme | Damaged status | Not for loan | Permanent Location | Current Location | Shelving location | Date acquired | Full call number | Barcode | Date last seen | Price effective from | Koha item type | Public note |
|---|---|---|---|---|---|---|---|---|---|---|---|---|---|---|
| Military College of Signals (MCS) | Military College of Signals (MCS) | General Stacks | 12/12/2016 | 537,ALE | MCS5445 | 12/08/2016 | 12/12/2016 | Book | Almirah No.77, Shelf No.3 | |||||
| Military College of Signals (MCS) | Military College of Signals (MCS) | General Stacks | 12/12/2016 | 537,ALE | MCS5446 | 12/08/2016 | 12/12/2016 | Book | Almirah No.77, Shelf No.3 | |||||
| Military College of Signals (MCS) | Military College of Signals (MCS) | General Stacks | 12/12/2016 | 537,ALE | MCS5470 | 12/08/2016 | 12/12/2016 | Book | Almirah No.77, Shelf No.3 |
